Los derechos sindicales al alba del milenio: la situación en el mundo /
Na minha lista:
| Autor principal: | |
|---|---|
| Formato: | Texto |
| Assuntos: | |
| Tags: |
Adicionar Tag
Sem tags, seja o primeiro a adicionar uma tag!
|
MARC
| LEADER | 00000 a a2200000 04500 | ||
|---|---|---|---|
| 001 | 5558 | ||
| 003 | |||
| 040 | |||
| 100 | |a Kuczkiewicz, Janek | ||
| 245 | |a Los derechos sindicales al alba del milenio: |b la situación en el mundo / |c Janek Kuczkiewicz | ||
| 650 | |a SINDICALISMO | ||
| 650 | |a DERECHOS | ||
| 773 | |g número 122; páginas 31-36 | ||
| 999 | |c 26414 |d 26414 | ||
